Villes de Tunisie - Mort Subite - Statistiques

Statistiques générales
  • Ce quiz a été pris 1 353 fois
  • Le résultat moyen est 13 sur 30
Answers on the Grid
Answers color-coded by a green-red scale on the quiz's grid according to % correct below.
Tunis
Gabes
Ariana
Le Kef
Monastir
Zarzis
Tozeur
Douz
Djerba
Ajim
Hammam Chott
Sfax
Jorf
Akouba
Bizerte
Bennane-Bodheur
Béja
Carthage
El Fahs
El Guettar
Ghardimaou
Ghomrassen
Sousse
Kairouan
La Goulette
Nefta
Radès
Utique
Tataouine
Téboursouk
Tédourda
Quinz
Zinder
Khartoum
Meknès
Djouba
Le Tampon
Nouakchott
Kiffa
Dax
Constantine
Listerine
Ghinda
Izmir
Lachute
Larache
Assouan
Abou Simbel
 
Statistiques - réponses
Réponse % Correct
Tunis
77%
Djerba
69%
Sfax
69%
Sousse
66%
Tataouine
66%
Carthage
64%
Monastir
64%
Bizerte
62%
Zarzis
60%
Gabes
58%
Kairouan
57%
Tozeur
55%
Le Kef
51%
Béja
48%
La Goulette
47%
Radès
45%
Ariana
44%
Douz
41%
Hammam Chott
38%
Ghomrassen
27%
Nefta
26%
El Fahs
22%
Ajim
18%
Utique
17%
Ghardimaou
16%
Téboursouk
14%
Jorf
13%
El Guettar
12%
Akouba
8%
Bennane-Bodheur
8%
Aucun quiz correspondant
Distribution des résultats
% des personnes avec chaque résultat
Percentile par nombre de réponses
Votre historique - résultats
Vous n’avez pas pris ce quiz